Rice / (Record no. 349)
[ view plain ]
| 000 -LEADER | |
|---|---|
| fixed length control field | 00400cam a2200181ua 4500 |
| 020 ## - INTERNATIONAL STANDARD BOOK NUMBER | |
| ISBN | 0-582-40403-7 |
| 041 ## - LANGUAGE CODE | |
| Language code of text/sound track or separate title | eng |
| 082 ## - DEWEY DECIMAL CLASSIFICATION NUMBER | |
| Classification number | 633.18 |
| Item number | GRI/RI |
| 100 ## - MAIN ENTRY--AUTHOR NAME | |
| Personal name | Grist, D H. |
| 245 ## - TITLE STATEMENT | |
| Title | Rice / |
| 250 ## - EDITION STATEMENT | |
| Edition statement | 6 / |
| 260 ## - PUBLICATION, DISTRIBUTION, ETC. (IMPRINT) | |
| Place of publication | London : |
| Name of publisher | Longman , |
| Year of publication | 1986. |
| 300 ## - PHYSICAL DESCRIPTION | |
| Number of Pages | 599 ; . |
| 942 ## - ADDED ENTRY ELEMENTS (KOHA) | |
| Koha item type | Books |
| Withdrawn status | Lost status | Damaged status | Home library | Current library | Date acquired | Full call number | Accession Number | Koha item type |
|---|---|---|---|---|---|---|---|---|
| KAUAET | KAUAET | 07/08/1989 | 633.18 | 16525 | Books | |||
| KAUAET | KAUAET | 07/08/1989 | 633.18 | 16526 | Books |
